000 00588nam a2200205 u 4500
005 20210223130919.0
008 090205s2007 r 000 0 eng d
020 _a9789703706259
035 _aUPN01000168838
049 _aI
050 4 _aQC981.3
_bP4.2
100 1 _aPether, Lesley
_933921
245 1 0 _aAparatos para medir el tiempo /
_cLesley Pether.
260 _aMéxico :
_bPlaneta,
_c2007.
300 _a12 p. :
_bil. col.
440 0 _aDestino
650 4 _aTIEMPO (ATMOSFERICO) -
_vLITERATURA INFANTIL
_922180
650 4 _aPRONOSTICO DEL TIEMPO
_922177
905 _aInfantil
999 _c140944
_d140944